000 004660000a22001450004500
041 0 _aSPA
082 0 4 _aR 220.3 S7327d
245 1 0 _aDiccionario Bíblico / Francesco Spadafora, Director
260 _aBarcelona, España : Litúrgica Española
300 _a640 Pag.
500 _aTítulo original: Dizionario biblico, publicado en su segunda edición en el año 1957 por la Editrice Studiem de Roma.
650 1 4 _aBIBLIA - DICCIONARIOS
001 67
942 _cBK
999 _c31618
_d31618